Major Operations of Air Force/ (Record no. 177269)

MARC details
000 -LEADER
fixed length control field 00675nam a22001937a 4500
005 - DATE AND TIME OF LATEST TRANSACTION
control field 20240813105304.0
010 ## - LCCN (DPL NO)
LC control number ENG-128995 ENG-141319
020 ## - INTERNATIONAL STANDARD BOOK NUMBER
Terms of availability 950.00
International Standard Book Number 978-81-940517-4-9
035 ## - SYSTEM CONTROL NUMBER
System control number EN-112527
035 ## - SYSTEM CONTROL NUMBER
System control number EN-124851
037 ## - SOURCE OF ACQUISITION
Source of stock number/acquisition DBAD
082 ## - DEWEY DECIMAL CLASSIFICATION NUMBER
Classification number 358.4
100 ## - MAIN ENTRY--PERSONAL NAME
Personal name Bajpai, Arpit
245 ## - TITLE STATEMENT
Title Major Operations of Air Force/
Statement of responsibility, etc By Arpit Bajpai
260 ## - PUBLICATION, DISTRIBUTION, ETC. (IMPRINT)
Place of publication, distribution, etc Uttar Pradesh
Name of publisher, distributor, etc Falguni Publishers and Distributors
Date of publication, distribution, etc 2021
270 ## - ADDRESS
City Uttar Pradesh
Address RTB-160, Royal Tower, Shipra Sun City, Indirapuram, Ghaziabad
Postal code 201014
300 ## - PHYSICAL DESCRIPTION
Extent 312p.
Dimensions 23cm(hbk)
Other physical details Including Bibliographical references and index.
942 ## - ADDED ENTRY ELEMENTS (KOHA)
Source of classification or shelving scheme Dewey Decimal Classification
Item type English Books
Classification part 358.4
Call number suffix BAJ
Holdings
Withdrawn status Lost status Not for loan Collection code Home library Current library Date acquired Source of acquisition Cost, normal purchase price Full call number Barcode Copy number Cost, replacement price Koha item type
      Non-fiction Ashok Vihar Ashok Vihar 16/02/2021 DBAD/PUB 950.00 358.4 BAJ EN-112527 1 950.00 English Books
      Non-fiction Patel Nagar Patel Nagar 13/08/2024 Delivery of Books Act Division 950.00 358.4 BAJ EN-124851 1 950.00 English Books

© Delhi Public Library
Hit Counter
free hit counter